MARC details
| 000 -CABECERA |
| campo de control de longitud fija |
02382nam a2200253 a 4500 |
| 001 - NÚMERO DE CONTROL |
| campo de control |
000002043 |
| 005 - FECHA Y HORA DE LA ÚLTIMA TRANSACCIÓN |
| campo de control |
20200929145817.0 |
| 008 - DATOS DE LONGITUD FIJA--INFORMACIÓN GENERAL |
| campo de control de longitud fija |
090630s2000 dr a 001 0dspa d |
| 020 ## - NÚMERO INTERNACIONAL ESTÁNDAR DEL LIBRO |
| Número Internacional Estándar del Libro |
9993401595 |
| 020 ## - NÚMERO INTERNACIONAL ESTÁNDAR DEL LIBRO |
| Condiciones de disponibilidad |
9789993401599 |
| 040 ## - FUENTE DE LA CATALOGACIÓN |
| Centro catalogador/agencia de origen |
DO-SdBNP |
| Lengua de catalogación |
spa |
| Centro/agencia transcriptor |
BNPHU |
| 082 ## - NÚMERO DE LA CLASIFICACIÓN DECIMAL DEWEY |
| Número de clasificación |
972.93040922 |
| Número de documento/Ítem |
L453m |
| 100 1# - ENTRADA PRINCIPAL--NOMBRE DE PERSONA |
| Nombre de persona |
Lebrón de Anico, Rosa |
| 9 (RLIN) |
2895 |
| 245 13 - MENCIÓN DE TÍTULO |
| Título |
La mujer en la gesta heroíca de la independencia nacional : |
| Resto del título |
lágrimas, sacrificio y renunciamiento / |
| Mención de responsabilidad, etc. |
Rosa Lebrón de Anico. |
| 260 ## - PUBLICACIÓN, DISTRIBUCIÓN, ETC. |
| Lugar de publicación, distribución, etc. |
Santo Domingo : |
| Nombre del editor, distribuidor, etc. |
Ediciones Librería La Trinitaria, |
| Fecha de publicación, distribución, etc. |
2000. |
| 300 ## - DESCRIPCIÓN FÍSICA |
| Extensión |
122 p. : |
| Otras características físicas |
il. ; |
| Dimensiones |
21 cm. |
| 500 ## - NOTA GENERAL |
| Nota general |
Incluye índice. |
| 504 ## - NOTA DE BIBLIOGRAFÍA, ETC. |
| Nota de bibliografía, etc. |
Bibliografía : p. 121-122. |
| 505 00 - NOTA DE CONTENIDO CON FORMATO |
| Título |
Invasiones haitianas a territorio dominicano -- |
| -- |
Invasión del año 1801 -- |
| -- |
Invasión del año 1805 -- |
| -- |
Invasión del año 1822 -- |
| -- |
Invasión del 12 de junio de 1843 -- |
| -- |
Invasión del año 1844 -- |
| -- |
Invasión del año 1845 -- |
| -- |
Invasiones de los años 1849, 1855, 1856 -- |
| -- |
Manuela Díez -- |
| -- |
Rosa Duarte -- |
| -- |
Maria Antonia y Lluberes -- |
| -- |
Ocupación haitiana -- |
| -- |
Conspiración de Los Alcarrizos -- |
| -- |
Las vírgenes de Galindo -- |
| -- |
Fundación de la Trinitaria -- |
| -- |
Josefa Antonia Pérez de la Paz (Doña Chepita) -- |
| -- |
Sociedades La Dramática y La Filantrópica -- |
| -- |
Filomena Gómez de Cova -- |
| -- |
Concepción Bona y María de Jesús Pina -- |
| -- |
Las hermanas Villa -- |
| -- |
Micaela de Rivera y Froilana Febles -- |
| -- |
Olaya del Rosario de Sánchez (Mamá Olaya) -- |
| -- |
Mujeres amadas por Francisco del Rosario Sánchez -- |
| -- |
María Evarista Hinojosa (Mimita Betancourt) -- |
| -- |
Balbina de Peña -- |
| -- |
Mujeres que estuvieron presentes en los campos de acción de la independencia -- |
| -- |
María Baltasara de los Reyes -- |
| -- |
María Trinidad Sánchez -- |
| -- |
Juana Saltitopa -- |
| -- |
María Rosa Montás -- |
| -- |
Petronila Gaú -- |
| -- |
Petronila Abreu Delgado -- |
| -- |
Altagracia Abreu de Ravelo -- |
| -- |
Mujeres en la familia de Ramón Matías Mella -- |
| -- |
Francisca Javier Castillo -- |
| -- |
Josefa Brea -- |
| -- |
Agustina Medrano de Castillo -- |
| -- |
Ana Valverde -- |
| -- |
Catalina Encarnación (Mamá Catalina Ogando) -- |
| -- |
Rosa Bastardo de Guillermo -- |
| -- |
Poetisas que cantaron a la patria -- |
| -- |
María Josefa Pérez Guerra -- |
| -- |
Francisca López |
| 651 #4 - PUNTO DE ACCESO ADICIONAL DE MATERIA--NOMBRE GEOGRÁFICO |
| Nombre geográfico |
República Dominicana |
| Subdivisión general |
Historia |
| Subdivisión cronológica |
SIGLO XIX |
| Subdivisión de forma |
BIOGRAFÍAS |
| 9 (RLIN) |
6585 |
| 650 #4 - PUNTO DE ACCESO ADICIONAL DE MATERIA--TÉRMINO DE MATERIA |
| Término de materia o nombre geográfico como elemento de entrada |
Mujeres |
| Subdivisión geográfica |
República Dominicana |
| Subdivisión de forma |
BIOGRAFÍAS |
| 9 (RLIN) |
1939 |
| 650 #4 - PUNTO DE ACCESO ADICIONAL DE MATERIA--TÉRMINO DE MATERIA |
| Término de materia o nombre geográfico como elemento de entrada |
Mujeres en la política |
| Subdivisión geográfica |
República Dominicana |
| 9 (RLIN) |
6586 |
| 910 ## - DATOS DE OPCIÓN DEL USUARIO (OCLC) |
| Datos de opción del usuario |
Jornada de catalogación |